<?xml version="1.0" encoding="UTF-8"?>
<record
    xmlns:xsi="http://www.w3.org/2001/XMLSchema-instance"
    xsi:schemaLocation="http://www.loc.gov/MARC21/slim http://www.loc.gov/standards/marcxml/schema/MARC21slim.xsd"
    xmlns="http://www.loc.gov/MARC21/slim">

  <leader>00795cam a22002051  4500</leader>
  <controlfield tag="001">ne 68005071 </controlfield>
  <controlfield tag="003">DLC</controlfield>
  <controlfield tag="005">20260227111852.0</controlfield>
  <controlfield tag="008">890819s1968    ua            000 0 arar </controlfield>
  <datafield tag="010" ind1=" " ind2=" ">
    <subfield code="a">ne 68005071 </subfield>
  </datafield>
  <datafield tag="035" ind1=" " ind2=" ">
    <subfield code="a">(OCoLC)20223023</subfield>
  </datafield>
  <datafield tag="040" ind1=" " ind2=" ">
    <subfield code="a">DLC</subfield>
    <subfield code="c">CU</subfield>
    <subfield code="d">CU</subfield>
    <subfield code="d">DLC</subfield>
  </datafield>
  <datafield tag="042" ind1=" " ind2=" ">
    <subfield code="a">premarc</subfield>
  </datafield>
  <datafield tag="050" ind1="0" ind2="0">
    <subfield code="a">BP174</subfield>
    <subfield code="b">.I215 1968</subfield>
  </datafield>
  <datafield tag="100" ind1="2" ind2=" ">
    <subfield code="a">Ibn Qayyim al-Jawz&#x12B;yah, Mu&#x1E25;ammad ibn Ab&#x12B; Bakr,</subfield>
    <subfield code="d">1292-1350.</subfield>
  </datafield>
  <datafield tag="245" ind1="1" ind2="3">
    <subfield code="a">al-W&#x101;bil al-&#x1E63;ayyib min al-kalim al-&#x1E6D;ayyib /</subfield>
    <subfield code="c">Ta&#x2BC;l&#x12B;f Ab&#x12B; &#x2BB;Abd All&#x101;h Mu&#x1E25;ammad al-shah&#x12B;r bi-Ibn Qayyim al-Jawz&#x12B;yah ; &#x2BB;aniyat bi-al-ta&#x2BB;l&#x12B;q &#x2BB;alayh&#x12B; Id&#x101;rat al-&#x1E6C;ib&#x101;&#x2BB;ah al-Mun&#x12B;r&#x12B;yah.</subfield>
  </datafield>
  <datafield tag="260" ind1=" " ind2=" ">
    <subfield code="a">[Cairo] :</subfield>
    <subfield code="b">Maktabat wa-ma&#x1E6D;ba&#x2BB;at Mu&#x1E25;ammad &#x2BB;Al&#x12B; &#x1E62;ab&#x12B;&#x1E25;,</subfield>
    <subfield code="c">[1968].</subfield>
  </datafield>
  <datafield tag="300" ind1=" " ind2=" ">
    <subfield code="a">208 p. ;</subfield>
    <subfield code="c">20 cm.</subfield>
  </datafield>
  <datafield tag="650" ind1=" " ind2="0">
    <subfield code="a">Islam</subfield>
    <subfield code="x">Customs and practices.</subfield>
  </datafield>
  <datafield tag="999" ind1=" " ind2=" ">
    <subfield code="c">51205</subfield>
    <subfield code="d">51205</subfield>
  </datafield>
</record>
